Planing, Shaping and Slotting /

Enregistré dans:
Détails bibliographiques
Auteur principal: Colvin, Fred H (Auteur)
Format: Livre
Langue:anglais
Publié: Shanghai : Van Chong Book, 1951
Tags: Ajouter un tag
Pas de tags, Soyez le premier à ajouter un tag!

MARC

LEADER 00000nam a22000003a 4500
001 stu35191
005 20150617225730.8
008 920410s1951----ch------------------eng-d
040 |a STU  |b slo 
041 0 |a eng 
044 |a ch 
100 1 |a Colvin, Fred H  |4 aut 
245 1 |a Planing, Shaping and Slotting /  |c [aut.]Fred H. Colvin 
260 |a Shanghai :  |b Van Chong Book,  |c 1951 
300 |a 125 s 
996 |b 284M020130  |c M*3591-1  |l MMKN  |s A  |a 24  |w stu35191_0001